57th Euroconstruct Conference, Stockholm, Sweden (Record no. 103638)
[ view plain ]
| 000 -LEADER | |
|---|---|
| fixed length control field | 01600cam a2200493 4500 |
| 001 - CONTROL NUMBER | |
| control field | ##J126707 |
| 008 - FIXED-LENGTH DATA ELEMENTS--GENERAL INFORMATION | |
| fixed length control field | 000000n2004 000 0 eng u |
| 035 ## - SYSTEM CONTROL NUMBER | |
| System control number | (Sirsi) u126707 |
| 050 ## - LIBRARY OF CONGRESS CALL NUMBER | |
| Classification number | 338.4369094 |
| -- | 18 |
| 110 20 - MAIN ENTRY--CORPORATE NAME | |
| Corporate name or jurisdiction name as entry element | Euroconstruct |
| Subordinate unit | Conference |
| Number of part/section/meeting | (57th : |
| Date of meeting or treaty signing | 2004 |
| Location of meeting | Stockholm) |
| 9 (RLIN) | 4827 |
| 245 00 - TITLE STATEMENT | |
| Title | 57th Euroconstruct Conference, Stockholm, Sweden |
| Remainder of title | the outlook for the European construction sector 2004-2006 |
| 260 ## - PUBLICATION, DISTRIBUTION, ETC. | |
| Place of publication, distribution, etc. | Stockholm |
| Name of publisher, distributor, etc. | Prognoscentret |
| Date of publication, distribution, etc. | 2004 |
| 300 ## - PHYSICAL DESCRIPTION | |
| Extent | 2 |
| Type of unit | v. |
| Dimensions | 30cm. |
| 350 ## - PRICE (NR) (BK AM CF MU VM SE) [OBSOLETE] | |
| Price | 775 |
| 505 2# - FORMATTED CONTENTS NOTE | |
| Formatted contents note | Country reports: western European countries; eastern European countries |
| 505 2# - FORMATTED CONTENTS NOTE | |
| Formatted contents note | Summary report: the outlook for the European construction sector 2004-2006; The decision making process in the European building markets - a future shaped by random or choice? |
| 520 ## - SUMMARY, ETC. | |
| Summary, etc. | Summary report: the outlook for the European construction sector 2004-2006; Promoting social cohesion and sustainable development |
| 650 2# - SUBJECT ADDED ENTRY--TOPICAL TERM | |
| Topical term or geographic name entry element | AUSTRIA |
| 650 2# - SUBJECT ADDED ENTRY--TOPICAL TERM | |
| Topical term or geographic name entry element | BELGIUM |
| 650 2# - SUBJECT ADDED ENTRY--TOPICAL TERM | |
| Topical term or geographic name entry element | CZECH REPUBLIC |
| 650 2# - SUBJECT ADDED ENTRY--TOPICAL TERM | |
| Topical term or geographic name entry element | DENMARK |
| 650 2# - SUBJECT ADDED ENTRY--TOPICAL TERM | |
| Topical term or geographic name entry element | EIRE |
| 650 2# - SUBJECT ADDED ENTRY--TOPICAL TERM | |
| Topical term or geographic name entry element | EUROPE |
| 650 2# - SUBJECT ADDED ENTRY--TOPICAL TERM | |
| Topical term or geographic name entry element | FINLAND |
| 650 2# - SUBJECT ADDED ENTRY--TOPICAL TERM | |
| Topical term or geographic name entry element | FRANCE |
| 650 2# - SUBJECT ADDED ENTRY--TOPICAL TERM | |
| Topical term or geographic name entry element | GERMANY |
| 650 2# - SUBJECT ADDED ENTRY--TOPICAL TERM | |
| Topical term or geographic name entry element | HUNGARY |
| 650 2# - SUBJECT ADDED ENTRY--TOPICAL TERM | |
| Topical term or geographic name entry element | ITALY |
| 650 2# - SUBJECT ADDED ENTRY--TOPICAL TERM | |
| Topical term or geographic name entry element | NETHERLANDS |
| 650 2# - SUBJECT ADDED ENTRY--TOPICAL TERM | |
| Topical term or geographic name entry element | NORWAY |
| 650 2# - SUBJECT ADDED ENTRY--TOPICAL TERM | |
| Topical term or geographic name entry element | POLAND |
| 650 2# - SUBJECT ADDED ENTRY--TOPICAL TERM | |
| Topical term or geographic name entry element | PORTUGAL |
| 650 2# - SUBJECT ADDED ENTRY--TOPICAL TERM | |
| Topical term or geographic name entry element | SLOVAK REPUBLIC |
| 650 2# - SUBJECT ADDED ENTRY--TOPICAL TERM | |
| Topical term or geographic name entry element | SPAIN |
| 650 2# - SUBJECT ADDED ENTRY--TOPICAL TERM | |
| Topical term or geographic name entry element | SWITZERLAND |
| 650 2# - SUBJECT ADDED ENTRY--TOPICAL TERM | |
| Topical term or geographic name entry element | UNITED KINGDOM |
| 650 2# - SUBJECT ADDED ENTRY--TOPICAL TERM | |
| Topical term or geographic name entry element | STATISTICS |
| 650 2# - SUBJECT ADDED ENTRY--TOPICAL TERM | |
| Topical term or geographic name entry element | ECONOMIC ISSUES |
| 650 2# - SUBJECT ADDED ENTRY--TOPICAL TERM | |
| Topical term or geographic name entry element | HOUSING |
| 650 2# - SUBJECT ADDED ENTRY--TOPICAL TERM | |
| Topical term or geographic name entry element | EUROCONSTRUCT |
| 690 ## - LOCAL SUBJECT ADDED ENTRY--TOPICAL TERM (OCLC, RLIN) | |
| Topical term or geographic name as entry element | BUILT ENVIRONMENT |
| 710 2# - ADDED ENTRY--CORPORATE NAME | |
| Corporate name or jurisdiction name as entry element | Prognoscentret AB |
| 9 (RLIN) | 4828 |
| 942 ## - ADDED ENTRY ELEMENTS (KOHA) | |
| Suppress in OPAC | 0 |
| Withdrawn status | Lost status | Source of classification or shelving scheme | Damaged status | Not for loan | Home library | Current library | Shelving location | Date acquired | Total Checkouts | Full call number | Barcode | Date last seen | Copy number | Price effective from | Koha item type |
|---|---|---|---|---|---|---|---|---|---|---|---|---|---|---|---|
| Dewey Decimal Classification | London | London | Folio | 16/12/2005 | F338.4369094 EUR | 30071681 | 06/08/2019 | 1 | 06/08/2019 | Reference material |